Effectif Toulouse Football Club saison 2024/2025 - Statistiques

Statistiques générales
  • Ce quiz a été pris 757 fois
    207 depuis la dernière actualisation
  • Le résultat moyen est 14 sur 29
Statistiques - réponses
Hint Réponse % Correct
G Guillaume Restes
95%
D Rasmus Nicolaisen
72%
Coach Carles Martinez Novell
71%
M Vincent Sierro
71%
A Zakaria Aboukhlal
71%
D Charlie Cresswell
69%
D Djibril Sidibé
69%
A Frank Magri
68%
A Yann Gboho
67%
A Aron Dønnum
66%
M Cristian Cásseres Jr.
64%
D Gabriel Suazo
62%
A Joshua King
60%
D Mark McKenzie
58%
G Álex Domínguez
55%
D Warren Kamanzi
50%
A Shavy Babicka
45%
G Justin Lacombe
40%
M Denis Genreau
38%
M Niklas Schmidt
37%
D Jaydee Canvot
31%
A Noah Edjouma
31%
G Mathys Niflore
27%
D Ümit Akdağ
26%
M Miha Zajc
24%
M Mathis Saka
20%
D Ylies Aradj
14%
A Edhy Zuliani
13%
D Nicolas Wasbauer
7%
Aucun quiz correspondant
Distribution des résultats
% des personnes avec chaque résultat
Percentile par nombre de réponses
Votre historique - résultats
Vous n’avez pas pris ce quiz depuis la dernière actualisation